| 000 | 00768cam a2200289 a 4500 | ||
|---|---|---|---|
| 001 | 22658 | ||
| 003 | SK-KTurca | ||
| 005 | 20260415134743.0 | ||
| 008 | 160314s1994 xo 0000f slo | ||
| 015 | _aSNBA1994/09 | ||
| 020 | _a809004848X | ||
| 035 | _aSNK000018949 | ||
| 040 |
_aSNK _bslo _cSNK _eAACR2 |
||
| 041 | 0 | _aslo | |
| 044 |
_axo _cSK |
||
| 080 |
_a885.4-3 _21. stred. slo |
||
| 100 | 1 |
_aRosa, L. O., _d1931- _4aut |
|
| 245 | 1 | 0 |
_aPlač huslí _cL.O. Rosa |
| 250 | _a1. vyd. | ||
| 260 |
_aBratislava _bSprint _c1994 |
||
| 300 |
_a101 s. _c21 cm |
||
| 655 | 7 |
_aslovenské romány _2SNKPH |
|
| 655 | 7 |
_avojnové romány _2SNKPH |
|
| 700 | 1 |
_aOndriska, Ján, _d1943- _4ill |
|
| 942 |
_2ddc _cKLDO _n0 |
||
| 999 |
_c22658 _d22658 |
||